000 00352 a2200169 4500
001 183396
020 _a85-262-2626-6
040 _cMagnum
100 _aLeigh, Susannah
240 1 0 _aO oceano mágico
_lpor
245 1 0 _aO oceano mágico
300 _a32
362 0 _a2002
440 1 _aScipione
697 _aLITERATURA INFANTIL
942 _cBK
999 _c183396
_d183396